| 000 | 00636nam a2200229 a 4500 | ||
|---|---|---|---|
| 001 | 000023185 | ||
| 005 | 20240516194749.0 | ||
| 008 | 101130s1996 mx a r 000 | spa d | ||
| 020 | _a9684039220 | ||
| 040 |
_aDO-SdBNP _bspa _cBNPHU |
||
| 082 |
_a641.5 _bA473a |
||
| 100 | 1 |
_aAlvarez, Catalina _947731 |
|
| 245 | 1 | 0 |
_aAntojitos mexicanos / _cCatalina Alvarez. |
| 260 |
_aMéxico, D.F. : _bSelector, _c1996. |
||
| 300 |
_a167 p. : _bil. ; _c19 cm. |
||
| 490 | 1 | _aFamilia | |
| 650 | 0 |
_aCocina _9360 |
|
| 650 | 4 |
_aCocina mexicana _947732 |
|
| 650 | 4 |
_aAlimentos silvestres (cocina) _944421 |
|
| 830 | 0 |
_aFamilia _947733 |
|
| 049 | _aBNGR | ||
| 999 |
_c22682 _d22682 |
||